Central Library OPAC University of Rajshahi

The religion of the Rigveda / (Record no. 31432)

MARC details
000 -LEADER
fixed length control field 00826nam a22002652a 4500
001 - CONTROL NUMBER
control field 31432
003 - CONTROL NUMBER IDENTIFIER
rucl marc code BD-RjUL
005 - DATE AND TIME OF LATEST TRANSACTION
control field 20211209051712.0
008 - FIXED-LENGTH DATA ELEMENTS--GENERAL INFORMATION
fixed length control field 140415r1971 ii b 000 0 eng d
035 ## - SYSTEM CONTROL NUMBER
System control number (BD-RjUL)31519
-- OCLC ocm00657983 from D951002M
040 ## - CATALOGING SOURCE
Original cataloging agency DLC
Transcribing agency DLC
Modifying agency EQO
-- BD-RjUL
Language of cataloging eng
041 ## - LANGUAGE CODE
Language code of text/sound track or separate title eng
082 00 - DEWEY DECIMAL CLASSIFICATION NUMBER
Classification number 294.12
Author mark and year GRR 1971
100 1# - MAIN ENTRY--PERSONAL NAME
Personal name Griswold, H. D.
Fuller form of name (Hervey De Witt),
Dates associated with a name 1860-1945.
9 (RLIN) 95645
245 14 - TITLE STATEMENT
Title The religion of the Rigveda /
Statement of responsibility, etc. by H. D. Griswold
250 ## - EDITION STATEMENT
Edition statement 1st Indian ed.
260 ## - PUBLICATION, DISTRIBUTION, ETC. (IMPRINT)
Place of publication, distribution, etc. Delhi :
Name of publisher, distributor, etc. Motilal Banarsidass,
Date of publication, distribution, etc. 1971.
300 ## - PHYSICAL DESCRIPTION
Pagination xxiv, 392 p. ;
Size 22 cm.
500 ## - GENERAL NOTE
General note First published in 1923
504 ## - BIBLIOGRAPHY, ETC. NOTE
Bibliography, etc Includes bibliographical references and index.
650 #0 - SUBJECT ADDED ENTRY--TOPICAL TERM
Topical term or geographic name as entry element Brahmanism
9 (RLIN) 88323
Topical term or geographic name as entry element Hindu mythology
9 (RLIN) 95646
942 ## - ADDED ENTRY ELEMENTS (KOHA)
Source of classification or shelving scheme Dewey Decimal Classification
Koha item type Books
Holdings
Lost status Source of classification or shelving scheme Damaged status Not for loan Collection code Permanent Location Current Location Shelving location Date acquired Source of acquisition Cost, normal purchase price Total Checkouts Full call number Date last seen Copy number Koha item type
  Dewey Decimal Classification   Not For Loan Non-fiction Central Library, University of Rajshahi Central Library, University of Rajshahi Reading Room 11/03/1984 Tulip Enterprise, Dhaka. 60.00   294.12 GRR 1971 15/04/2014 C-1 Books